000 01519nam a2200217Ia 4500
003 Ost
005 20260507075028.0
008 260507s9999||||xx |||||||||||||| ||und||
040 _cfsecg
041 _aara
082 _a330
100 _aأدهم، فوزي
_eمؤلف
245 0 _aأبحاث في القانون المدني :
_bالأموال والحقوق العينية /
_c فوزي أدهم
260 _aبيروت:
_b[دون ناشر],
_c2002
300 _a403 صفحة؛
_bإيضاحات ؛
_c24 سم
520 _aالأموال، تصنيف وتقسيم الأموال، تقسيم الأشياء، الأموال الخاصة والأموال العامة، تقسيم الحقوق، الذمة المالية، وضع اليد أو الحيازة، إطار الحيازة وعناصرها، إكتساب الحيازة، عيوب الحيازة،آثار الحيازة، النظرية العامة في الملكية، التطور في شؤون الملكية، تعريف حق الملكية وخصائصه، عناصر حق الملكية، قيود الملكية، الملكية الشائعة، القسمة، ملكية الطوابق والشقق، الحقوق العينية المتفرعة، حق الإنتفاع، حقوق الإرتفاق، حق التصرف، مصادر الحقوق العينية الأصلية وطرق إكتسابها
653 _aالأموال
653 _aالحقوق العينية
653 _aالقانون المدني
942 _cكتاب
999 _c42362
_d42362